000 00589nam a2200205Ia 4500
005 20250508165227.0
008 008 250505s9999 xx 000 0 eng d
020 _a978-81-203-4373-3
037 _aTextBook
040 _aFEDL
_beng
_cFEDL
041 _aeng
_2eng
084 _a001.6, SUL/R
_qFEDL
100 _aSullivan Paul
_9780201
245 0 _aQualitative data analysis: Using a dialogical approach
260 _aLondon, UK
_bSage Publications Ltd.
_c2012
300 _ax, 189p.
365 _aGBP
_b24.99
942 _cTB
_h001.6, SUL/R
999 _c1393935
_d1393935